<?xml version="1.0" encoding="UTF-8"?>
<marc:record xmlns:marc="http://www.loc.gov/MARC21/slim">
   <marc:leader>00000nam a2200000 a 4500</marc:leader>
   <marc:datafield ind1="1" ind2=" " tag="100">
      <marc:subfield code="a">Buck, Rainer</marc:subfield>
      <marc:subfield code="4">aut</marc:subfield>
      <marc:subfield code="e">Verfasser/-in</marc:subfield>
   </marc:datafield>
   <marc:datafield ind1=" " ind2=" " tag="653">
      <marc:subfield code="a">Demokratisierung</marc:subfield>
   </marc:datafield>
   <marc:datafield ind1=" " ind2=" " tag="653">
      <marc:subfield code="a">Regionalpolitik</marc:subfield>
   </marc:datafield>
   <marc:datafield ind1=" " ind2=" " tag="653">
      <marc:subfield code="a">Bürgerbeteiligung</marc:subfield>
   </marc:datafield>
   <marc:datafield ind1=" " ind2=" " tag="653">
      <marc:subfield code="a">Gemeinde</marc:subfield>
   </marc:datafield>
   <marc:datafield ind1="0" ind2="0" tag="245">
      <marc:subfield code="a">Bürger machen Politik</marc:subfield>
   </marc:datafield>
   <marc:datafield ind1="0" ind2="0" tag="245">
      <marc:subfield code="b">Einflußnahme - Strategien - Bürgerinitiative</marc:subfield>
   </marc:datafield>
   <marc:datafield ind1=" " ind2="1" tag="264">
      <marc:subfield code="a">Weinheim (u.a.)</marc:subfield>
      <marc:subfield code="b">Beltz-Verl.</marc:subfield>
      <marc:subfield code="c">1991</marc:subfield>
   </marc:datafield>
   <marc:datafield ind1="1" ind2=" " tag="520">
      <marc:subfield code="a">PZ 4/91*543 Dieser Ratgeber handelt von den politischen Rahmenbedingungen und Möglichkeiten der Einflußnahme auf die Kommunalpolitik. Voraussetzung für eine wirksame demokratische Partizipation ist das Wissen über Gremien, die Entscheidungen treffen, und über den Ablauf von Entscheidungsprozessen. Nicht zuletzt trägt das Buch der stetigen Aufwertung der Kommunalpolitik im politischen Beteiligungsprozeß Rechnung. Zunächst werden drei Bereiche - Informationen sammeln, Verbündete suchen und Öffentlichkeit herstellen - zur Durchsetzung politischer Anliegen als besonders wichtig herausgestellt und anschließend die gesetzlichen Beteiligungsmöglichkeiten (Gemeindeordnung, Wahlrecht, Mitwirkung in Ausschüssen, Bürgerantrag, Bürgerversammlung u.a.) erörtert. Weitere diesbezügliche Chancen liegen bei der Aufstellung des Haushaltsplans, bei der Bauleitplanung und der Erstellung des Flächennutzungsplans. Auch über das Engagement in Parteien, Umweltgruppen und Vereinen ist Einflußnahme möglich. In einem eigenen Kapitel wird der Umgang mit Behörden ausgeführt. Schließlich werden anhand zweier Szenarien (Tempo 30 in einem Stadtteil und öffentliche Zuschüsse für eine Theater- oder Musikgruppe) die vorher detailliert aufgelisteten Vorschläge am praktischen Beispiel durchgespielt.</marc:subfield>
   </marc:datafield>
   <marc:datafield ind1="0" ind2=" " tag="490">
      <marc:subfield code="v">0</marc:subfield>
   </marc:datafield>
   <marc:datafield ind1=" " ind2=" " tag="300">
      <marc:subfield code="a">189 S.</marc:subfield>
   </marc:datafield>
</marc:record>
